Le Chahrestan de Chahroud, Iran / (Record no. 80098)

MARC details
000 -CABECERA
campo de control de longitud fija 00630nam a22001933a 4500
005 - FECHA Y HORA DE LA ÚLTIMA TRANSACCIÓN
campo de control 20250826063928.0
008 - ELEMENTOS DE LONGITUD FIJA--INFORMACIÓN GENERAL
campo de control de longitud fija 010508s1975 fr r 000 0 fre d
035 ## - NÚMERO DE CONTROL DEL SISTEMA
Número de control de sistema UPN01000106185
049 ## - COLECCIÓN
Colección CG
050 #4 - SIGNATURA TOPOGRÁFICA DE LA BIBLIOTECA DEL CONGRESO
Número de clasificación LB2965 I6
Número de documento/Ítem CH34
245 03 - MENCIÓN DE TÍTULO
Título Le Chahrestan de Chahroud, Iran /
Mención de responsabilidad, etc. J. Hallak ... [et al.].
260 ## - PUBLICACIÓN, DISTRIBUCIÓN, ETC.
Lugar de publicación, distribución, etc. París :
Nombre del editor, distribuidor, etc. UNESCO :
-- IIEP,
Fecha de publicación, distribución, etc. 1975.
300 ## - DESCRIPCIÓN FÍSICA
Extensión 120 p. :
Otras características físicas il., mapas
440 #0 - MENCIÓN DE SERIE/ASIENTO SECUNDARIO--TÍTULO
Título Méthode de preparation de la carte scolaire : études de cos ;
Designación de volumen o secuencia 6
650 #4 - ASIENTO SECUNDARIO DE MATERIA - TERMINO TEMATICO
Término de materia o nombre geográfico como elemento de entrada Educación
Subdivisión general Planificación
9 (RLIN) 1146
650 #4 - ASIENTO SECUNDARIO DE MATERIA - TERMINO TEMATICO
Término de materia o nombre geográfico como elemento de entrada Educación
Subdivisión geográfica Irán
9 (RLIN) 17242
700 1# - ASIENTO SECUNDARIO--NOMBRE DE PERSONAL
Nombre de persona Hallak, Jacques,
Fechas asociadas al nombre 1937-
Término indicativo de función/relación coaut.
9 (RLIN) 28384
905 ## - TIPO DE MATERIAL
Tipo de material Libro
Holdings
Estado de retiro Estado de pérdida Fuente del sistema de clasificación o colocación Estado dañado No para préstamo Código de colección Localización permanente Ubicación/localización actual Ubicación en estantería Total de préstamos Clasificación Código de barras Fecha visto por última vez Número de copia Tipo de ítem Koha
    Library of Congress Classification     Colección General Bib. Gregorio Torres Quintero Bib. Gregorio Torres Quintero Planta baja   LB2965 I6 CH34 63907 31/12/2020 1 Libro